000 00738cam a2200277 i 4500
001 768714001
003 CO-MdFUSB
005 20240622082747.0
007 ta
008 240622t1984 -sp||||| |||| 00| 0 spa d
020 _a84-7228-921-4
040 _cCO-MdFUSB
041 0 _aspa
082 0 4 _224
_a234.2
_bM8471t
100 1 _aMorgan, G. Campbell (George) (1863-1945)
_eautor
245 1 0 _aLos Triunfos de la Fe
_c/ G. Campbell Morgan
264 1 _aTerrassa, Barcelona, España :
_bClie,
_c[1984]
264 4 _c©1984
300 _a148 Pag
336 _atexto
_btxt
_2rdacontent
337 _2rdamedia
_asin mediación
_bn
338 _2rdacarrier
_avolumen
_bnc
653 _aVida cristiana
942 _cBK
945 _aMiguel
999 _c34758
_d34758